Les vzpomínek /

Detektivní thriller je příběhem unesené třináctileté dívky Elissy, podivného chlapce Elijáše, který si s ní hraje na Jeníčka a Mařenku a policistky Mairéad, která se snaží Elissu vypátrat.

Hlavní autor: Lloyd, Sam, 1973-
Další autoři: Urban, Martin, 1967-
Jazyk: Čeština
Vydáno: Praha : Argo, 2021
Vydání: Vydání první
Témata:
Fyzický popis: 383 stran ; 22 cm
Knihy
Uloženo v:
LEADER 02481nam a2200457 i 4500
001 nkc20213309306
003 CZ PrNK
005 20210519084537.0
007 ta
008 210219s2021 xr g 000 f cze
015 |a cnb003309306 
020 |a 978-80-257-3350-9  |q (vázáno) 
035 |a (OCoLC)1257529619 
040 |a ABG001  |b cze  |e rda 
041 1 |a cze  |h eng 
072 7 |a 821.111-3  |x Anglická próza, anglicky psaná  |2 Konspekt  |9 25 
080 |a 821.111-31  |2 MRF 
080 |a (0:82-312.4)  |2 MRF 
100 1 |a Lloyd, Sam,  |d 1973-  |7 xx0257401  |4 aut 
240 1 0 |a Memory wood.  |l Česky 
245 1 0 |a Les vzpomínek /  |c Sam Lloyd ; z anglického originálu The memory wood ... přeložil Martin Urban 
250 |a Vydání první 
264 1 |a Praha :  |b Argo,  |c 2021 
300 |a 383 stran ;  |c 22 cm 
336 |a text  |b txt  |2 rdacontent 
337 |a bez média  |b n  |2 rdamedia 
338 |a svazek  |b nc  |2 rdacarrier 
520 2 |a Detektivní thriller je příběhem unesené třináctileté dívky Elissy, podivného chlapce Elijáše, který si s ní hraje na Jeníčka a Mařenku a policistky Mairéad, která se snaží Elissu vypátrat.  |b Nadějná třináctiletá šachistka Elissa je na parkovišti uspána chloroformem a unesena. Probudí se v naprosté tmě v jakémsi sklepení a je jí jasné, že její vyhlídky na přežití opravdu nejsou nadějné. Občas za ní přijde muž, z něhož jde strach, a nějaký kluk, který si s ní chce povídat. Šance na přežití jsou mizivé, ale Elissa se v temnotě naučí orientovat jako na šachovnici a využít to jako svou výhodu. Mezitím policistka, jež už dříve pracovala na podobném případu uneseného a poté zemřelého dítěte, svádí závod s časem, aby ji vypátrala ještě živou. V knize čeká na čtenáře jedno překvapení za druhým, nakonec je vše úplně jinak, než se původně zdálo. Nakladatelská anotace. 
655 7 |a anglické romány  |7 fd131814  |2 czenas 
655 7 |a detektivní romány  |7 fd132010  |2 czenas 
655 7 |a thrillery (romány)  |7 fd184206  |2 czenas 
655 9 |a English fiction  |2 eczenas 
655 9 |a detective novels  |2 eczenas 
655 9 |a thrillers (novels)  |2 eczenas 
700 1 |a Urban, Martin,  |d 1967-  |7 xx0176367  |4 trl 
910 2 |a BOA001  |b 2-1463.835 
920 |a 4582262  |z ABG001 
990 |a BK 
995 |a 01 
991 |b 202105  |c NOV 
996 6 |b 2610862296  |c 2-1463.835  |l MZK  |r Sklad / do 1 hodiny  |n 0  |p p.v.  |w 001848532  |u 000010  |a 1  |e BOA001  |j MZK50  |s P